000 01136ngm a2200337 4500
999 _c20604
_d20604
003 dpl
005 20181218161701.0
007 DVD
008 ||||||sp199 xxu|||||c ||| 00| 0 ng d
010 _aDVD-001892-1894
024 _aVHIF 1473R
_c34.00
035 _aDVD-001892-1894
040 _aDPL
_cDPL
082 _aDVD / MERE
245 _aMere Jeevan Saathi
_cRepublic Films Corporation Presents
_h[videorecording] DVD/
260 _bMoserbaer Entertainment
300 _a2 videodisc VCD;
_bsd., col. ;
_c4 3/4 in.
_fVCD
440 _aMoserbaer Home Entertainment
500 _aMoserbaer India Ltd. has obtained the necessary licence/conssent from the owner of the copyright in the wroks for making this DVD Film.
538 _aDolby Digital 5.1 - Hindi Subtitles: English
650 _aMotion Picture
700 _aNagaich, Ravee
700 _aShah, Vinod
700 _aShah, Harish
700 _aKhanna, Rajesh
700 _aTanuja
700 _aBindu
700 _aSujit Kumar
942 _cCF
_2ddc
_hVCD
_mMERE